000 00813nam0a22002411 4500
001 rc\933348
005 20250622045931.0
035 _a(NLR Aleph) 006106357
090 _a5312203
_c5312203
100 _a20041129d1982 |||y0rusy50 ca
101 0 _arus
102 _aRU
105 _ay |||||||||
200 1 _aПравовая активность советских граждан
_eВопр. теории
_fОтв. ред. С.С. Алексеев
210 _aКрасноярск
_cИзд-во Краснояр. ун-та
_d1982
215 _a120 с.
_d21
320 _aБиблиогр. в примеч.: с. 115-119
700 1 _aШафиров
_bВ.М.
_gВладимир Моисеевич
801 0 _aRU
_bNLR
_gpsbo
801 1 _aRU
_bELAR
_2rusmarc
852 _aNLR
_j84-3/8695
942 _cBOOK
980 _aNB